000 00677nam a2200229Ia 4500
003 OSt
005 20220923230236.0
006 a|||||r|||| 00| 0
007 ta
008 220922b |||||||| |||| 00| 0 urd d
024 _a278,653
037 _cTextual
040 _aARTS
_cARTS
_burd
041 _2urd
_aurd
082 _aO168,1M87x, 153P0
100 _aਆਰਿਖ਼, ਗੁਰਦਿਆਲ ਸਿੰਘ
_9156370
245 0 _aਨਕF ਫ਼ਗ਼ਲ ਦੇ
260 _c2000
650 _aਉਰਦੂ ਸਾਹਿਤ
942 _hO168,1M87x, 153P0
_cTEXL
_2CC
999 _c383446
_d383446